00440 2200169 4500245005800000020002200058250001000080100001700090700002100107650001600128005001900144260003300163041001400196084001200210300003900222336000900261 aPRINSIP DAN PERPADUAN UMUM ISLAMIcSaiful BahrihText a978-602-7595-85-9 acet.1 aSaiful Bahri aHelvy Tiana Rosa aSeni Islami a20241007130045 aJakartabBuku Repubikac2021 aIndonesia a297.267 axxvi + 144 hlm. :c13,5 × 20,5 cm atext